Countries that end with IA - Statistics

General Stats
  • This quiz has been taken 33 times
  • The average score is 28 of 39
Answer Stats
Answer % Correct
Australia
100%
Algeria
93%
Austria
93%
Bulgaria
93%
Croatia
93%
Slovakia
93%
Slovenia
93%
Indonesia
86%
Latvia
86%
Malaysia
86%
Tunisia
86%
Albania
79%
Estonia
79%
Lithuania
79%
Romania
79%
Serbia
79%
Armenia
71%
Colombia
71%
Ethiopia
71%
Georgia
71%
India
71%
Liberia
71%
Mauritania
71%
Namibia
71%
Nigeria
71%
North Macedonia
71%
Bosnia
64%
Gambia
64%
Russia
64%
Somalia
64%
Syria
64%
Tanzania
64%
Bolivia
57%
Zambia
57%
Saudi Arabia
50%
Cambodia
43%
Micronesia
43%
Saint Lucia
43%
Mongolia
29%
No matching quizzes found
Score Distribution
Percent of People with Each Score
Percentile by Number Answered
Your Score History
You have not taken this quiz